000 002970000a22000970004500
100 1 _aBash, Anthony
245 1 0 _aA psychodynamic approach to the interpretation of 2 Corinthians 10-13
300 _aNúm 83 (2001), Páginas 51-67
773 0 _tJournal for the Study of the New Testament
942 _cANA
999 _c55902
_d55902